[Event "ICS rated bullet match"]
[Site "204.178.125.65"]
[Date "2000.02.21"]
[Round "?"]
[White "undertaker1"]
[Black "Hossa"]
[Result "1-0"]
[WhiteElo "2577"]
[BlackElo "2402"]
[PlyCount "141"]

1. e4 c6 2. d4 d5 3. Nc3 dxe4 4. Nxe4 Bf5 5. Ng3 Bg6 6. h4 h6 7. Nf3 Nd7 8. h5
Bh7 9. Bd3 Bxd3 10. Qxd3 Ngf6 11. Bd2 e6 12. O-O-O Bd6 13. Ne4 Nxe4 14. Qxe4
Nf6 15. Qe2 Qb6 16. c4 Qa6 17. Kb1 O-O-O 18. Ne5 Rhf8 19. Rh3 Qa4 20. Rg3 Ne4
21. Rxg7 Bxe5 22. dxe5 Nxd2+ 23. Rxd2 Rxd2 24. Qxd2 Rd8 25. b3 Rxd2 26. bxa4
Rxf2 27. Rg8+ Kd7 28. Rb8 Kc7 29. Rh8 Rxg2 30. Rxh6 Kd7 31. Rh7 Ke7 32. Rh8 Rh2
33. h6 b6 34. Ra8 Rxh6 35. Rxa7+ Kf8 36. a5 bxa5 37. Rxa5 f6 38. exf6 Rxf6 39.
Rc5 e5 40. Rxe5 Rf4 41. c5 Kf7 42. Rh5 Rf1+ 43. Kb2 Kg6 44. Rh4 Rf2+ 45. Kb3
Kg5 46. Rd4 Rf1 47. Rd6 Rf3+ 48. Kb4 Rf2 49. a4 Ra2 50. Rxc6 Rb2+ 51. Ka3 Rb1
52. a5 Rd1 53. a6 Rd3+ 54. Ka4 Rd1 55. Rd6 Ra1+ 56. Kb5 Kf4 57. Rd4+ Ke5 58.
Ra4 Rb1+ 59. Kc6 Rf1 60. a7 Rf6+ 61. Kb7 Rf7+ 62. Kb6 Rf6+ 63. c6 Rf3 64. a8=Q
Rb3+ 65. Ka7 Rb1 66. c7 Ra1 67. Rxa1 Kf5 68. Qf3+ Ke5 69. c8=Q Kd6 70. Qf6+ Kd5
71. Qcc6# 1-0

[Event "ICS Rated standard match"]
[Site "204.178.125.65"]
[Date "2000.02.21"]
[Round "?"]
[White "Hossa"]
[Black "star"]
[Result "0-1"]
[WhiteElo "2220"]
[BlackElo "2524"]
[PlyCount "130"]

1. c4 e5 2. Nc3 Nc6 3. Nf3 Nf6 4. d3 d5 5. cxd5 Nxd5 6. g3 Nxc3 7. bxc3 e4 8.
dxe4 Qxd1+ 9. Kxd1 Bc5 10. Bg2 Be6 11. e3 O-O 12. Kc2 Bc4 13. Nd2 Ba6 14. Bf1
Bxf1 15. Rxf1 Rfe8 16. Rb1 b6 17. Nb3 Bf8 18. f3 Rad8 19. Rd1 Ne5 20. Rxd8 Rxd8
21. Nd2 Bc5 22. f4 Ng4 23. Nf1 f6 24. e5 fxe5 25. h3 Nf2 26. fxe5 Nxh3 27. c4
Ng5 28. Bb2 Kf7 29. Rd1 Rxd1 30. Kxd1 Ke6 31. Nh2 Bxe3 32. Ke2 Bc5 33. g4 g6
34. Nf3 Nxf3 35. Kxf3 h5 36. Kf4 h4 37. g5 Bf2 38. Kg4 Bg3 39. Bc3 a6 40. a4
Bxe5 41. Bd2 Bg3 42. Be3 Ke5 43. Kf3 Kf5 44. Bd2 Be5 45. Bc1 h3 46. Be3 Bd6 47.
Bc1 h2 48. Kg2 Ke4 49. Kh1 Kd4 50. Bd2 Kxc4 51. Be1 a5 52. Kg2 Kd3 53. Kh1 c5
54. Kg2 c4 55. Kh1 c3 56. Bxc3 Kxc3 57. Kg2 b5 58. axb5 a4 59. b6 a3 60. b7 Kd3
61. b8=B Bxb8 62. Kh1 a2 63. Kg2 a1=Q 64. Kf3 h1=Q+ 65. Kg4 Qd4# 0-1

[Event "ICS rated bullet match"]
[Site "204.178.125.65"]
[Date "2000.02.21"]
[Round "?"]
[White "Hossa"]
[Black "undertaker1"]
[Result "1-0"]
[WhiteElo "2393"]
[BlackElo "2586"]
[PlyCount "141"]

1. c4 Nf6 2. Nf3 g6 3. d4 Bg7 4. Nc3 O-O 5. e4 d6 6. Bg5 c5 7. dxc5 Qa5 8. Qd2
Qxc5 9. Be3 Qa5 10. O-O-O Ng4 11. Nd5 Qxa2 12. Nxe7+ Kh8 13. Bd4 Ne5 14. Qb4
Qa1+ 15. Kc2 Qa6 16. Nxe5 dxe5 17. Bxe5 f6 18. Bd6 Rd8 19. c5 Qa2 20. Bc4 Na6
21. Qb5 Bd7 22. c6 bxc6 23. Qxa6 Qxa6 24. Bxa6 Re8 25. Bb7 Rad8 26. Bc7 Rxe7
27. Bxd8 Rf7 28. Ba6 Be8 29. Bc4 Rb7 30. Ba5 h6 31. Rd8 Re7 32. Bd3 Kh7 33. Rd1
c5 34. f3 Bf7 35. Bc3 Be6 36. Ba6 f5 37. Bxg7 Kxg7 38. e5 f4 39. Kc3 g5 40. Bd3
Bf7 41. Re1 Be6 42. Be4 Rc7 43. Red1 Re7 44. Bd5 Bf7 45. Bxf7 Kxf7 46. R1d5 Rc7
47. Ra8 Ke6 48. Kc4 Rb7 49. b3 Rxb3 50. Kxc5 Rb2 51. Rxa7 Rc2+ 52. Kd4 Rd2+ 53.
Ke4 Re2+ 54. Kd3 Kxd5 55. Ra5+ Ke6 56. Kxe2 h5 57. Kd3 Kf5 58. Kd4 Ke6 59. Ra6+
Kf7 60. Kd5 Kg7 61. Rd6 h4 62. Rc6 h3 63. gxh3 Kf8 64. Rg6 Ke7 65. Rxg5 Kd8 66.
Rg4 Kd7 67. Rxf4 Ke7 68. e6 Kd8 69. Kd6 Ke8 70. Rf7 Kd8 71. Rf8# 1-0

[Event "ICS rated bullet match"]
[Site "204.178.125.65"]
[Date "2000.02.21"]
[Round "?"]
[White "Hossa"]
[Black "undertaker1"]
[Result "0-1"]
[WhiteElo "2407"]
[BlackElo "2572"]
[PlyCount "106"]

1. e4 e5 2. Bc4 Nf6 3. Nc3 Nc6 4. d3 Bb4 5. Nf3 d6 6. O-O Bxc3 7. bxc3 Na5 8.
Bb3 Nxb3 9. axb3 O-O 10. Bg5 Bg4 11. d4 h6 12. Bxf6 Qxf6 13. Qd3 exd4 14. Nxd4
Bd7 15. Ra5 c5 16. Ne2 b6 17. Ra6 Bc8 18. Ra2 Re8 19. Rd1 Bb7 20. f3 a6 21. c4
Re6 22. g3 Rd8 23. Nf4 Re5 24. Nd5 Bxd5 25. cxd5 a5 26. f4 Re7 27. c3 Rde8 28.
Re1 Qg6 29. Rae2 h5 30. Qf3 f6 31. c4 h4 32. g4 Qh6 33. Rd1 Qh7 34. f5 Qh6 35.
Rde1 Qg5 36. Qg2 b5 37. cxb5 Rb8 38. Rd1 Rxb5 39. Qf3 Ra7 40. Ra2 Rb4 41. Rda1
Re7 42. Re1 Reb7 43. Rxa5 Rxb3 44. Ra8+ Kh7 45. Qg2 Rb2 46. Qh3 R7b3 47. Qf1
Qxg4+ 48. Kh1 Rh3 49. Re2 Rxe2 50. Qxe2 Qxe2 51. Kg1 Rxh2 52. Ra2 Rg2+ 53. Kh1
Qf1# 0-1

[Event "ICS rated bullet match"]
[Site "204.178.125.65"]
[Date "2000.02.21"]
[Round "?"]
[White "undertaker1"]
[Black "Hossa"]
[Result "1-0"]
[WhiteElo "2581"]
[BlackElo "2398"]
[PlyCount "125"]

1. e4 e5 2. Nf3 Nc6 3. Bb5 a6 4. Ba4 Nf6 5. O-O Nxe4 6. d4 b5 7. Bb3 d5 8. dxe5
Be6 9. c3 Be7 10. Nbd2 O-O 11. Bc2 f5 12. Nb3 Qd7 13. Nbd4 Nxd4 14. Nxd4 a5 15.
a4 c6 16. axb5 cxb5 17. Bf4 g5 18. Bc1 Rfe8 19. Qe2 Reb8 20. Qh5 Bf7 21. Qh6
Bf8 22. e6 Bxh6 23. exd7 Rd8 24. f3 Nd6 25. Nxf5 Bf8 26. Nxd6 Bxd6 27. Bf5 Bg6
28. Bh3 Bc5+ 29. Kh1 h6 30. f4 gxf4 31. Bxf4 Kh7 32. Bc7 Rh8 33. Rxa5 Rxa5 34.
Bxa5 Be7 35. Bb6 Ra8 36. Be6 Ra6 37. Bc5 Bd8 38. Bxd5 Bd3 39. Bb7 Bxf1 40. Bxa6
Kg6 41. Kg1 Bd3 42. b3 Kf6 43. c4 bxc4 44. bxc4 Kf5 45. Kf2 h5 46. Bb5 Ke4 47.
g3 Ke5 48. Ke3 Bf1 49. Bf8 Bb6+ 50. c5 Bd8 51. Bxf1 Kd5 52. Bg2+ Ke6 53. c6 Ke5
54. Bh6 Kf6 55. Bf4 Bb6+ 56. Kd3 Ke7 57. Bh3 Kf6 58. c7 Bxc7 59. Bxc7 Kg6 60.
d8=Q Kf7 61. Bf5 Kg7 62. Bd6 h4 63. Qf8# 1-0

[Event "ICS rated bullet match"]
[Site "204.178.125.65"]
[Date "2000.02.21"]
[Round "?"]
[White "Hossa"]
[Black "undertaker1"]
[Result "0-1"]
[WhiteElo "2390"]
[BlackElo "2589"]
[PlyCount "76"]

1. c4 Nf6 2. Nc3 g6 3. d4 Bg7 4. e4 d6 5. Nf3 O-O 6. Bg5 Nbd7 7. Be2 h6 8. Be3
e5 9. O-O Ng4 10. Qb3 Nxe3 11. fxe3 Nf6 12. Rad1 Ng4 13. Rd3 Nxe3 14. Rf2 Ng4
15. Rf1 exd4 16. Nxd4 Qg5 17. Ncb5 Qe7 18. Bxg4 Bxg4 19. Rf4 Qg5 20. g3 Bd7 21.
Nxc7 Bxd4+ 22. Rxd4 Qc5 23. e5 dxe5 24. Nxa8 exf4 25. Qd1 Ba4 26. b4 Qe5 27.
Qd3 fxg3 28. hxg3 Qe1+ 29. Kg2 Bc6+ 30. Rd5 Rxa8 31. a3 Re8 32. Kf3 b5 33. Kf4
f5 34. Kf3 bxc4 35. g4 cxd3 36. gxf5 Re3+ 37. Kg2 Bxd5+ 38. Kh2 Qh1# 0-1

[Event "ICS rated bullet match"]
[Site "204.178.125.65"]
[Date "2000.02.21"]
[Round "?"]
[White "undertaker1"]
[Black "Hossa"]
[Result "1-0"]
[WhiteElo "2597"]
[BlackElo "2382"]
[PlyCount "139"]

1. e4 Nf6 2. e5 Nd5 3. d4 d6 4. Nf3 Bg4 5. Be2 c6 6. O-O dxe5 7. dxe5 Nd7 8. c4
N5b6 9. Qd4 h5 10. Rd1 e6 11. Bg5 Bc5 12. Qc3 f6 13. exf6 gxf6 14. Bd2 Rg8 15.
a4 Ne5 16. Bh6 Nxf3+ 17. Bxf3 Qe7 18. Bxg4 Rxg4 19. b3 Rd8 20. Qf3 Bd4 21. Ra2
Qh7 22. Bd2 Qe4 23. Qxe4 Rxe4 24. Kf1 Nd7 25. f3 Re5 26. Bf4 c5 27. Bxe5 Nxe5
28. Rad2 Nc6 29. Ke2 Kf7 30. f4 e5 31. fxe5 fxe5 32. Kf3 Rf8 33. Ke4 Ke6 34. g3
Rg8 35. Re2 Rg4+ 36. Kf3 e4+ 37. Kg2 e3 38. Nd2 Rg5 39. Nf1 Re5 40. h3 Kf6 41.
g4 hxg4 42. hxg4 Re6 43. Rde1 Bc3 44. g5+ Kxg5 45. Rxe3 Rxe3 46. Rxe3 Bb4 47.
Ng3 b6 48. Kf3 Nd4+ 49. Ke4 Bd2 50. Rd3 Bb4 51. Ke5 Kg4 52. Ne4 Nf3+ 53. Kd5
Kf4 54. Nd6 a6 55. Nb7 Ne1 56. Rh3 Nc2 57. Kc6 Kg4 58. Rh7 b5 59. cxb5 Nd4+ 60.
Kd5 axb5 61. a5 Nc2 62. a6 Kg5 63. a7 Kg6 64. Rh3 c4 65. a8=Q Kf6 66. Qh8+ Kf5
67. Qe5+ Kg6 68. Rg3+ Kf7 69. Qe6+ Kf8 70. Rg8# 1-0

[Event "ICS rated bullet match"]
[Site "204.178.125.65"]
[Date "2000.02.21"]
[Round "?"]
[White "Hossa"]
[Black "undertaker1"]
[Result "0-1"]
[WhiteElo "2375"]
[BlackElo "2604"]
[PlyCount "136"]

1. c4 Nf6 2. d4 e6 3. Nc3 Bb4 4. Nf3 c5 5. a3 Bxc3+ 6. bxc3 O-O 7. Bg5 Qa5 8.
Qd3 cxd4 9. Bxf6 gxf6 10. Nxd4 Nc6 11. Nb5 f5 12. Qg3+ Kh8 13. Qg5 f6 14. Qd2
d5 15. cxd5 Qxb5 16. dxc6 Qxc6 17. e3 Rf7 18. Qd4 e5 19. Qb4 Be6 20. Rd1 a5 21.
Qb2 Rc8 22. Rc1 Rd8 23. c4 f4 24. Qb5 Qc7 25. exf4 Bd7 26. Qb2 exf4 27. Be2 Qc6
28. O-O Rg7 29. f3 Qc5+ 30. Kh1 Qg5 31. Rf2 Be6 32. Qb6 Re8 33. Rd1 Qe5 34. Rd8
Rxd8 35. Qxd8+ Rg8 36. Qe7 Bc8 37. Qf7 b6 38. Bd3 Bf5 39. Bf1 Bg6 40. Qb7 Qd4
41. Kg1 Qc5 42. Qd7 Qxa3 43. Qd4 Qe3 44. Qxf6+ Rg7 45. Qf8+ Rg8 46. Qd6 Bf7 47.
Qf6+ Rg7 48. Qf5 a4 49. Qf6 a3 50. Qd8+ Bg8 51. Qb8 Rg6 52. Qf8 Re6 53. Qd8 Kg7
54. Qa8 Rd6 55. Qc8 Rd2 56. Qg4+ Kh8 57. Qh4 Qxf2+ 58. Qxf2 Rxf2 59. Kxf2 a2
60. g3 a1=Q 61. gxf4 Bxc4 62. Bxc4 Qd4+ 63. Kg3 Qxc4 64. Kg4 b5 65. h3 b4 66.
Kh4 Qxf4+ 67. Kh5 Kg7 68. h4 Qf5# 0-1

[Event "ICS rated bullet match"]
[Site "204.178.125.65"]
[Date "2000.02.21"]
[Round "?"]
[White "undertaker1"]
[Black "Hossa"]
[Result "1-0"]
[WhiteElo "2611"]
[BlackElo "2368"]
[PlyCount "79"]

1. e4 g6 2. d4 Bg7 3. Nc3 d6 4. f4 Nf6 5. Nf3 d5 6. exd5 Nxd5 7. Nxd5 Qxd5 8.
c4 Qa5+ 9. Kf2 O-O 10. Qe2 Qb6 11. c5 Qb4 12. Qxe7 Bxd4+ 13. Nxd4 Qxd4+ 14. Qe3
Qa4 15. b3 Qc6 16. Bb2 Nd7 17. Rc1 Nf6 18. Qd4 Ng4+ 19. Kg3 f6 20. Bc4+ Kh8 21.
Bd5 Qa6 22. c6 b5 23. h3 Be6 24. Bxe6 Rad8 25. Bd7 Nh6 26. Qxf6+ Rxf6 27. Bxf6+
Kg8 28. Bxd8 Qxa2 29. Be6+ Kg7 30. Bxc7 Nf5+ 31. Bxf5 Qxb3+ 32. Kh2 Kf7 33. Be5
gxf5 34. c7 Qe6 35. c8=Q Qxc8 36. Rxc8 h5 37. Rc7+ Kf8 38. Rd1 Ke8 39. Bf6 a5
40. Rd8# 1-0

[Event "ICS rated blitz match"]
[Site "204.178.125.65"]
[Date "2000.02.21"]
[Round "?"]
[White "Hossa"]
[Black "undertaker1"]
[Result "0-1"]
[WhiteElo "2385"]
[BlackElo "2605"]
[PlyCount "152"]

1. Nf3 Nf6 2. g3 g6 3. c4 Bg7 4. d4 O-O 5. Bg2 d6 6. Nc3 Nbd7 7. Bg5 h6 8. Bf4
c5 9. d5 Nb6 10. Qb3 e5 11. Be3 Qe7 12. O-O Ng4 13. Rad1 Bd7 14. Bc1 e4 15. Ne1
e3 16. Nd3 exf2+ 17. Nxf2 Bd4 18. e3 Nxe3 19. Rde1 Rfe8 20. Bxe3 Bxe3 21. Kh1
Qf8 22. Nfe4 Bd4 23. a4 Rab8 24. a5 Na8 25. Nb5 Bxb5 26. Qxb5 a6 27. Qd7 Red8
28. Qg4 Bxb2 29. Nf6+ Bxf6 30. Rxf6 h5 31. Qf4 b6 32. Rf1 Rb7 33. axb6 Nxb6 34.
Be4 Qe8 35. Bd3 a5 36. Qg5 Qe5 37. Rxg6+ fxg6 38. Qxd8+ Kh7 39. Qf6 Qxf6 40.
Rxf6 Nc8 41. Rxg6 Rb3 42. Be4 Re3 43. Re6+ Kg7 44. Rg6+ Kf7 45. Re6 Rc3 46.
Bg6+ Kg7 47. Bxh5 Rxc4 48. Be8 a4 49. Re1 a3 50. Bd7 Nb6 51. Bc6 Rb4 52. h3 a2
53. Kg2 Rb1 54. Re7+ Kf6 55. Ra7 a1=Q 56. Rxa1 Rxa1 57. h4 c4 58. Bb5 Nxd5 59.
Kf2 c3 60. Bd3 Ke5 61. Ke2 Ra2+ 62. Kf3 c2 63. Bxc2 Rxc2 64. h5 Rc3+ 65. Kf2
Nf6 66. Ke1 Nxh5 67. g4 Nf4 68. g5 Kd4 69. Kf2 Nh3+ 70. Kf1 Nxg5 71. Kf2 d5 72.
Kg2 Ke3 73. Kg3 Rc4 74. Kg2 Rg4+ 75. Kf1 d4 76. Ke1 Rg1# 0-1

[Event "ICS rated blitz match"]
[Site "204.178.125.65"]
[Date "2000.02.21"]
[Round "?"]
[White "Hossa"]
[Black "PostModernist"]
[Result "0-1"]
[WhiteElo "2382"]
[BlackElo "2384"]
[PlyCount "104"]

1. Nf3 Nf6 2. g3 g6 3. Bg2 Bg7 4. O-O O-O 5. d3 d6 6. d4 d5 7. Bf4 c6 8. Nbd2
Qb6 9. b3 Bf5 10. c4 Nbd7 11. a3 c5 12. Nh4 Be6 13. dxc5 Nxc5 14. b4 Ncd7 15.
Rc1 Rfc8 16. cxd5 Nxd5 17. Bxd5 Bxd5 18. Rxc8+ Rxc8 19. Nhf3 e5 20. Be3 Qc6 21.
Bxa7 Bxf3 22. Nxf3 b6 23. Qb3 Qb7 24. Ng5 Rf8 25. Bxb6 Nxb6 26. Rd1 h6 27. Nf3
Ra8 28. Rd6 e4 29. Nd2 Qc7 30. Nxe4 Nc4 31. Qc2 Rxa3 32. Rd1 Ra7 33. Nc5 Nb2
34. Rd7 Ra1+ 35. Kg2 Qc6+ 36. f3 h5 37. e4 Qb5 38. Rd8+ Kh7 39. Kh3 Qxb4 40.
Rd7 Ra5 41. Nb7 Qb6 42. Kg2 Nc4 43. Qe2 Ne3+ 44. Kf2 Ra1 45. Re7 Ng4+ 46. Kg2
Qg1+ 47. Kh3 Ra2 48. fxg4 Rxe2 49. gxh5 gxh5 50. Kh4 Rxh2+ 51. Kg5 Qxg3+ 52.
Kf5 Rf2# 0-1

[Event "ICS rated blitz match"]
[Site "204.178.125.65"]
[Date "2000.02.21"]
[Round "?"]
[White "gucio"]
[Black "Hossa"]
[Result "0-1"]
[WhiteElo "2372"]
[BlackElo "2366"]
[PlyCount "144"]

1. e4 d5 2. exd5 Nf6 3. c4 c6 4. d4 cxd5 5. Nc3 Nc6 6. Bg5 dxc4 7. d5 Na5 8. b4
cxb3 9. axb3 Bd7 10. b4 Qc7 11. Nb5 Qe5+ 12. Be3 Bxb5 13. Bxb5+ Nc6 14. Bxc6+
bxc6 15. dxc6 Qc3+ 16. Kf1 Qxc6 17. Nf3 Qb5+ 18. Kg1 Qxb4 19. Qc2 Qe4 20. Qxe4
Nxe4 21. Rxa7 Rxa7 22. Bxa7 e6 23. g3 Bb4 24. Kg2 Nc3 25. h4 O-O 26. Rc1 h5 27.
Be3 Nd5 28. Bd2 Bxd2 29. Nxd2 Rd8 30. Nf3 Ra8 31. Rb1 Ra7 32. Rb2 g6 33. Rc2
Kg7 34. Rb2 Kf6 35. Rc2 Ra1 36. Rb2 Kf5 37. Nd4+ Ke5 38. Nf3+ Kd6 39. Nd4 Rd1
40. Nf3 f6 41. Ra2 Ne7 42. Ra6+ Nc6 43. Rb6 e5 44. Ra6 e4 45. Ng1 Rd2 46. Kf1
Kc5 47. Ne2 Kb5 48. Ra1 Kb4 49. Rb1+ Kc5 50. Rc1+ Kd6 51. Nf4 Ne5 52. Ra1 Ng4
53. Nh3 e3 54. fxe3 Nxe3+ 55. Ke1 Rg2 56. Ra6+ Ke5 57. Re6+ Kxe6 58. Nf4+ Ke5
59. Nxg2 Nxg2+ 60. Kf2 g5 61. Kxg2 gxh4 62. gxh4 Kf4 63. Kf2 f5 64. Kg2 Ke3 65.
Kf1 f4 66. Ke1 f3 67. Kf1 f2 68. Kg2 Ke2 69. Kg3 f1=Q 70. Kh2 Qf3 71. Kg1 Qg4+
72. Kh2 Qxh4+ 0-1

[Event "ICS rated bullet match"]
[Site "204.178.125.65"]
[Date "2000.02.21"]
[Round "?"]
[White "Hossa"]
[Black "undertaker1"]
[Result "0-1"]
[WhiteElo "2362"]
[BlackElo "2595"]
[PlyCount "128"]

1. d4 Nf6 2. Nf3 g6 3. g3 Bg7 4. Bg2 O-O 5. O-O d6 6. c4 Nbd7 7. Bf4 Nh5 8. Bg5
Nb6 9. Nbd2 f6 10. Be3 e5 11. Re1 exd4 12. Bxd4 c5 13. Be3 Qe7 14. Qb3 Be6 15.
Rac1 Rfe8 16. Red1 Bg4 17. a4 Bd7 18. Ra1 Rab8 19. a5 Na8 20. Rac1 Nc7 21. Nb1
Bf5 22. Nc3 b6 23. axb6 Rxb6 24. Qa2 Reb8 25. Rd2 Ra6 26. Na4 Rb4 27. b3 Bd7
28. Qc2 Bxa4 29. bxa4 Raxa4 30. Qd3 Bf8 31. Rdc2 a5 32. Bd2 Rb8 33. e4 Qe6 34.
Rd1 Na6 35. Qd5 Qxd5 36. exd5 Re8 37. g4 Ng7 38. g5 fxg5 39. Bxg5 Nf5 40. h3 h6
41. Bf6 Bg7 42. Bxg7 Kxg7 43. h4 Re4 44. h5 Raxc4 45. Ra2 Ra4 46. Rxa4 Rxa4 47.
hxg6 Kxg6 48. Bh3 Rf4 49. Kg2 Nc7 50. Rd2 a4 51. Rd3 Nb5 52. Rd2 h5 53. Re2 a3
54. Re6+ Kg7 55. Re1 Nc3 56. Re8 a2 57. Ra8 Ra4 58. Rxa4 Nxa4 59. Nd4 Nxd4 60.
Bg4 hxg4 61. Kg3 a1=Q 62. Kxg4 Qg1+ 63. Kh5 Nf5 64. f4 Qg6# 0-1

[Event "ICS rated bullet match"]
[Site "204.178.125.65"]
[Date "2000.02.21"]
[Round "?"]
[White "undertaker1"]
[Black "Hossa"]
[Result "1-0"]
[WhiteElo "2602"]
[BlackElo "2355"]
[PlyCount "121"]

1. e4 g6 2. d4 Bg7 3. Nc3 c6 4. Nf3 d5 5. h3 dxe4 6. Nxe4 Nh6 7. Bc4 O-O 8.
Bxh6 Bxh6 9. O-O Nd7 10. Qd3 a6 11. Rae1 b6 12. d5 cxd5 13. Qxd5 Rb8 14. Nd4
Bb7 15. Nc6 Bxc6 16. Qxc6 Ne5 17. Qd5 Bg7 18. Rd1 Qc8 19. Bb3 Rd8 20. Qxd8+
Qxd8 21. Rxd8+ Rxd8 22. Re1 h5 23. f4 Nc6 24. c3 h4 25. Kf2 Bh6 26. Kf3 Rd3+
27. Re3 Rxe3+ 28. Kxe3 e5 29. Ng5 Bxg5 30. fxg5 Kg7 31. Ke4 f6 32. Kd5 Na7 33.
a4 a5 34. gxf6+ Kxf6 35. Bc4 Nc8 36. Kc6 Ke7 37. Kc7 Nd6 38. Be2 b5 39. axb5 a4
40. b6 Ke6 41. b7 Nxb7 42. Kxb7 Kd5 43. Kb6 Ke4 44. c4 Ke3 45. Bd1 Kf2 46. Bxa4
e4 47. c5 Kxg2 48. Bc6 Kxh3 49. Bxe4 Kg3 50. Bd5 Kf4 51. c6 Ke5 52. Kc5 g5 53.
c7 Kf4 54. c8=Q g4 55. Qc7+ Kf5 56. Qf7+ Kg5 57. Qe7+ Kf4 58. Kd4 g3 59. Qf6+
Kg4 60. Bg2 h3 61. Bf3# 1-0

[Event "ICS rated bullet match"]
[Site "204.178.125.65"]
[Date "2000.02.21"]
[Round "?"]
[White "Hossa"]
[Black "undertaker1"]
[Result "0-1"]
[WhiteElo "2349"]
[BlackElo "2608"]
[PlyCount "128"]

1. c4 Nf6 2. Nc3 g6 3. e4 d6 4. d4 Bg7 5. Nf3 O-O 6. Bg5 Nbd7 7. Be2 h6 8. Be3
e5 9. O-O Ng4 10. Qb3 Nxe3 11. fxe3 Nf6 12. Rad1 Ng4 13. Nd5 c6 14. Nb4 exd4
15. exd4 Qe7 16. Qd3 d5 17. Nxd5 cxd5 18. cxd5 Rd8 19. Ne1 Qg5 20. Bxg4 Bxg4
21. Nf3 Qe7 22. h3 Bd7 23. Ne1 Rac8 24. e5 Qb4 25. Qb3 Qxb3 26. axb3 Bb5 27.
Rf2 Rxd5 28. Nf3 Kf8 29. g3 Ke7 30. Kg2 Rc6 31. g4 Rc7 32. Ra1 b6 33. h4 a6 34.
Rd1 Bd7 35. Kg3 Bb5 36. Kg2 Rc8 37. Kg3 Rc6 38. Kf4 f6 39. Ke4 Ke6 40. exf6
Bxf6 41. g5 hxg5 42. hxg5 Bg7 43. Re1 Kd6 44. Rd2 Rf5 45. Rg1 Rc7 46. Ne5 Re7
47. Rc1 Rxg5 48. Re1 Ke6 49. Nd3 Rf5 50. Rc1 Kf7+ 51. Ne5+ Bxe5 52. dxe5 Rexe5+
53. Kd4 Rd5+ 54. Ke3 Rfe5+ 55. Kf3 Rxd2 56. Rc8 Rf5+ 57. Kg3 Rd3+ 58. Kg4 Rf2
59. Kh4 Bd7 60. Rc3 Rf4+ 61. Kg5 Rf5+ 62. Kg4 Ra5+ 63. Kf4 g5+ 64. Ke4 Bf5# 0-1

[Event "ICS rated bullet match"]
[Site "204.178.125.65"]
[Date "2000.02.21"]
[Round "?"]
[White "undertaker1"]
[Black "Hossa"]
[Result "1-0"]
[WhiteElo "2614"]
[BlackElo "2343"]
[PlyCount "87"]

1. e4 Nf6 2. e5 Nd5 3. d4 d6 4. Nf3 g6 5. Bc4 c6 6. O-O Bg4 7. exd6 Qxd6 8. h3
Bxf3 9. Qxf3 e6 10. Nc3 Nxc3 11. bxc3 Bg7 12. Rb1 Qe7 13. Rb3 b6 14. Bb5 Qd7
15. Ba3 f6 16. Re1 Kf7 17. Bc4 Re8 18. Re3 Qb7 19. Rb1 Na6 20. Bxe6+ Rxe6 21.
Rxe6 Kxe6 22. Qe2+ Kd7 23. Qe7+ Kc8 24. Qe8+ Kc7 25. Qf7+ Kc8 26. Qg8+ Kc7 27.
Qxg7+ Kc8 28. Qg8+ Kc7 29. Qxh7+ Kc8 30. Qxg6 Qd7 31. Re1 Nc7 32. Re7 Qd8 33.
Qxf6 c5 34. dxc5 bxc5 35. Bxc5 Qd1+ 36. Kh2 Kb7 37. Bd6 Rc8 38. Qe5 a6 39. Bxc7
Re8 40. Qe4+ Ka7 41. Bb8+ Kb6 42. Ba7+ Kb5 43. Qb4+ Kc6 44. Qc5# 1-0

[Event "ICS rated blitz match"]
[Site "204.178.125.65"]
[Date "2000.02.21"]
[Round "?"]
[White "undertaker1"]
[Black "Hossa"]
[Result "1/2-1/2"]
[WhiteElo "2585"]
[BlackElo "2382"]
[PlyCount "136"]

1. e4 e6 2. d4 a6 3. Nf3 d5 4. exd5 exd5 5. Be2 Nf6 6. O-O Bd6 7. Nc3 O-O 8.
Re1 Re8 9. Bg5 Be6 10. Ne5 h6 11. Bf4 Qe7 12. Bd3 Nc6 13. Nxc6 bxc6 14. Qf3
Bxf4 15. Qxf4 Qd6 16. Ne2 Bg4 17. Qxd6 cxd6 18. f3 Be6 19. Nf4 Rab8 20. Nxe6
Rxe6 21. b3 a5 22. Rxe6 fxe6 23. Bg6 Nd7 24. Kf2 e5 25. Bf5 Nf8 26. dxe5 dxe5
27. Re1 Re8 28. Re3 g6 29. Bh3 d4 30. Re4 g5 31. Ke1 Re7 32. Kd2 Nh7 33. Bf5
Nf6 34. Re1 Nd5 35. Be4 Ne3 36. Bxc6 Nxg2 37. Rg1 Nf4 38. h4 Rg7 39. hxg5 Kf7
40. a3 Rg6 41. Be4 Rg7 42. g6+ Nxg6 43. Rxg6 Rxg6 44. Bxg6+ Kxg6 45. b4 axb4
46. axb4 Kf5 47. b5 Ke6 48. Kd3 h5 49. f4 exf4 50. Kxd4 h4 51. Ke4 h3 52. Kf3
Kd5 53. c4+ Kd4 54. b6 h2 55. Kg2 f3+ 56. Kxh2 Ke3 57. b7 f2 58. b8=Q f1=Q 59.
Qe5+ Kd3 60. Qd6+ Ke3 61. c5 Qf5 62. Qg3+ Kd4 63. c6 Kc5 64. Qc3+ Kb6 65. Qc4
Qf2+ 66. Kh3 Qf3+ 67. Kh4 Qxc6 68. Qxc6+ Kxc6 1/2-1/2

[Event "ICS rated blitz match"]
[Site "204.178.125.65"]
[Date "2000.02.21"]
[Round "?"]
[White "Hossa"]
[Black "PostModernist"]
[Result "1/2-1/2"]
[WhiteElo "2390"]
[BlackElo "2400"]
[PlyCount "283"]

1. Nf3 Nf6 2. c4 c5 3. e3 g6 4. Nc3 Bg7 5. d4 cxd4 6. exd4 O-O 7. d5 e6 8. d6
Qa5 9. Qa4 Qc5 10. Nb5 Ng4 11. Qc2 a6 12. Nc7 Ra7 13. h3 Qxd6 14. hxg4 Qxc7 15.
Ng5 h6 16. Nf3 Qa5+ 17. Bd2 Qb6 18. Be3 Qb4+ 19. Nd2 Ra8 20. O-O-O g5 21. Bd3
Nc6 22. a3 Qa5 23. Rh5 d5 24. Bh7+ Kh8 25. Rdh1 Rd8 26. cxd5 exd5 27. Bd3 Kg8
28. Bc5 Re8 29. f3 Qd8 30. Nb3 Qf6 31. Kb1 Be6 32. Bb6 Rac8 33. Qd2 Bd7 34. Nc5
Ne5 35. Nxd7 Nxd7 36. Ba7 Ne5 37. Bd4 Nxf3 38. gxf3 Qxd4 39. Rxh6 Re3 40. Bh7+
Kf8 41. Qxd4 Bxd4 42. Rd1 Bg7 43. Rb6 Rxf3 44. Rxd5 Rc7 45. Rxg5 Rf1+ 46. Ka2
Rf4 47. Bd3 Rd4 48. Bf5 a5 49. Rh5 Rd2 50. Rb5 Re7 51. a4 Ree2 52. Rxb7 Be5 53.
Rh6 Rxb2+ 54. Rxb2 Rxb2+ 55. Ka3 Rb4 56. Ra6 Bc7 57. Ra8+ Ke7 58. Ra7 Kd6 59.
Ra8 Ke5 60. Re8+ Kd5 61. Bd7 Bb6 62. g5 Bc7 63. Ra8 Ke5 64. Re8+ Kd4 65. Ra8
Ke3 66. Bc6 Kf4 67. Ra7 Bb6 68. Rxf7+ Kxg5 69. Bd7 Kh4 70. Rh7+ Kg3 71. Rh5 Bc7
72. Rf5 Rd4 73. Bc6 Kg4 74. Rd5 Rb4 75. Rb5 Rc4 76. Bd7+ Kf3 77. Kb3 Rc1 78.
Bf5 Rc6 79. Bd7 Rd6 80. Bf5 Rd4 81. Bc2 Ke3 82. Bg6 Rf4 83. Rc5 Rb4+ 84. Kc2
Bb6 85. Re5+ Kf4 86. Rf5+ Kg4 87. Re5 Rxa4 88. Re4+ Rxe4 89. Bxe4 a4 90. Kd2
Kf4 91. Kd3 a3 92. Bd5 Ke5 93. Bc4 Bc5 94. Ke2 Kd4 95. Bb3 Bb4 96. Kf2 Kc3 97.
Ba2 Kd3 98. Kg2 Bc3 99. Kh2 Kc2 100. Kh3 Kb2 101. Bc4 Be5 102. Kh4 Kc3 103. Ba2
Bc7 104. Kh5 Kd3 105. Kh6 Bd6 106. Kh7 Kc2 107. Kh8 Kb2 108. Bc4 Kc3 109. Ba2
Be5+ 110. Kg8 Kb2 111. Bc4 Bd4 112. Kh7 Bc3 113. Kg8 Kc2 114. Kh7 Bd4 115. Kg8
Be3 116. Kh8 Kb2 117. Kg8 Kc3 118. Ba2 Bc5 119. Kh8 Bd4+ 120. Kg8 Kb2 121. Bd5
Bc5 122. Kh8 Be7 123. Kg8 Bd6 124. Kh8 Bf8 125. Kg8 Bb4 126. Kh8 Be1 127. Kg8
Bf2 128. Kh8 Bc5 129. Kg8 Bb6 130. Kh8 Kc3 131. Kg7 Be3 132. Kh7 Kb2 133. Kh8
Bf2 134. Kg8 Bb6 135. Kh8 Be3 136. Kg7 Bd2 137. Kh7 Bc3 138. Kg6 Be5 139. Kh6
Bh8 140. Kh7 Be5 141. Kh6 a2 142. Bxa2 1/2-1/2

[Event "ICS rated blitz match"]
[Site "204.178.125.65"]
[Date "2000.02.21"]
[Round "?"]
[White "PostModernist"]
[Black "Hossa"]
[Result "1-0"]
[WhiteElo "2400"]
[BlackElo "2390"]
[PlyCount "127"]

1. e4 e5 2. Nf3 Nf6 3. Nc3 Nc6 4. d4 exd4 5. Nxd4 Bb4 6. Nxc6 bxc6 7. Bd3 O-O
8. O-O d5 9. exd5 cxd5 10. Bg5 Bxc3 11. bxc3 h6 12. Bh4 Re8 13. Re1 Rxe1+ 14.
Qxe1 Be6 15. Qe3 Qe7 16. f4 Qd8 17. Qc5 Qd6 18. Qxd6 cxd6 19. Bxf6 gxf6 20. f5
Bd7 21. Rb1 Bc6 22. g4 Kh8 23. Kf2 Re8 24. Rb3 Kg7 25. h3 Re7 26. a3 Re8 27. a4
Re7 28. a5 Ba4 29. Rb4 Bc6 30. Rb8 Re8 31. Rxe8 Bxe8 32. Ke3 Bc6 33. Kd4 Kf8
34. Be2 Ke7 35. Bd1 Bb7 36. h4 Bc6 37. Bf3 Ba4 38. Kxd5 Bxc2 39. Kc6 Bd3 40.
Kb7 a6 41. Kb6 d5 42. Kc5 Be4 43. Be2 Kd8 44. Kb6 h5 45. gxh5 Bxf5 46. Bxa6 Ke7
47. Bb7 Bd3 48. a6 Bxa6 49. Bxa6 f5 50. Kc5 f4 51. Kxd5 f3 52. Ke5 f2 53. h6
Kf8 54. Kf6 Kg8 55. Bd3 Kf8 56. h7 Ke8 57. h8=Q+ Kd7 58. Kxf7 Kc7 59. Qe5+ Kc8
60. Qc5+ Kb7 61. Bf1 Ka8 62. Bg2+ Kb8 63. Qb6+ Kc8 64. Bh3# 1-0

[Event "ICS rated blitz match"]
[Site "204.178.125.65"]
[Date "2000.02.21"]
[Round "?"]
[White "Hossa"]
[Black "Viveiros"]
[Result "1-0"]
[WhiteElo "2374"]
[BlackElo "2019"]
[PlyCount "74"]

1. c4 Nf6 2. d4 e6 3. Nc3 Bb4 4. Nf3 Bxc3+ 5. bxc3 c5 6. e3 O-O 7. Bd3 d6 8.
O-O Nc6 9. e4 e5 10. d5 Ne7 11. Bg5 Ng6 12. Rb1 h6 13. Be3 Qe7 14. Ne1 Bg4 15.
f3 Bc8 16. Nc2 Nh5 17. Bc1 Qh4 18. Ne3 Ngf4 19. Bc2 g6 20. Ng4 Kg7 21. Qe1 Qxe1
22. Rxe1 f5 23. exf5 gxf5 24. Nf2 Kf6 25. g3 Rg8 26. Kf1 Ng6 27. Bxh6 Rh8 28.
Be3 f4 29. Ne4+ Ke7 30. Bc1 Bh3+ 31. Kf2 b6 32. Ng5 Rag8 33. Nxh3 fxg3+ 34.
hxg3 Nxg3 35. Bg5+ Kf7 36. Bxg6+ Rxg6 37. Kxg3 Rxh3+ 1-0